000 00737nam a2200289Ia 4500
005 20260324125218.0
008 008 260324s9999 xx 000 0 eng d
020 _a9780203873977
037 _aEBOOK
040 _aCRL
040 _beng
040 _cCRL
041 _2eng
041 _aeng
084 _qCRL
100 _aDavid Carment; Stewart Prest; Yiagadeesen Samy
_91177121
245 0 _aSecurity, Development and the Fragile State
245 0 _bBridging the Gap between Theory and Policy
260 _bTaylor and Francis
260 _c2009
365 _a
365 _b255
856 _uhttp://www.taylorfrancis.com/books/9780203873977
942 _cEBOOK
999 _c1772168
_d1772168